Biggest Cities in Rhode Island - Statistics

General Stats
  • This quiz has been taken 10 times
  • The average score is 13 of 30
Answer Stats
Population Answer % Correct
190,934 Providence
100%
25,163 Newport
90%
22,493 Bristol
80%
82,934 Cranston
80%
34,114 North Providence
80%
75,604 Pawtucket
80%
82,823 Warwick
80%
47,139 East Providence
70%
43,240 Woonsocket
70%
22,583 Central Falls
50%
27,732 North Kingstown
50%
22,118 Smithfield
50%
14,532 Narragansett
40%
31,931 South Kingstown
40%
35,688 Coventry
30%
29,568 Johnston
30%
31,012 West Warwick
30%
36,405 Cumberland
20%
9,974 Glocester
20%
22,529 Lincoln
20%
17,075 Middletown
20%
12,588 North Smithfield
20%
17,871 Portsmouth
20%
10,384 Scituate
20%
16,359 Tiverton
20%
23,359 Westerly
20%
17,153 Barrington
10%
16,158 Burrillville
10%
14,312 East Greenwich
10%
11,147 Warren
10%
No matching quizzes found
Score Distribution
Percent of People with Each Score
Percentile by Number Answered
Your Score History
You have not taken this quiz